书目信息 |
| 题名: |
当代中国生活质量
|
|
| 作者: | 李培林 著 | |
| 分册: | ||
| 出版信息: | 北京 社会科学文献出版社 2016 |
|
| 页数: | 340页 | |
| 开本: | 24cm | |
| 丛书名: | ||
| 单 册: | ||
| 中图分类: | C913.3 | |
| 科图分类: | ||
| 主题词: | 生活质量--sheng huo zhi liang--调查报告--中国--当代 | |
| 电子资源: | ||
| ISBN: | 978-7-5097-9417-3 | |
| 000 | 01020nam0 22002651 450 | |
| 001 | 1760967977 | |
| 005 | 20170619171942.0 | |
| 010 | @a978-7-5097-9417-3@dCNY89.00 | |
| 100 | @a20160926d2016 em y0chiy50 ea | |
| 101 | 0 | @achi |
| 102 | @aCN@b110000 | |
| 105 | @ay z 000yy | |
| 106 | @ar | |
| 200 | 1 | @a当代中国生活质量@9dang dai zhong guo sheng huo zhi liang@dThe quality of life in contemporary China@f李培林等著@zeng |
| 210 | @a北京@c社会科学文献出版社@d2016 | |
| 215 | @a340页@d24cm | |
| 300 | @a当代中国调查报告 四 | |
| 300 | @a中国社会科学院创新工程学术出版资助项目 | |
| 330 | @a本书共分为十四章,内容包括:消费分层和生活质量、就业质量及其影响因素、教育、社会流动和生活质量、城乡居民住房状况和住房不平等、中等收入者和橄榄型社会等。 | |
| 510 | 1 | @aQuality of life in contemporary China@zeng |
| 606 | 0 | @a生活质量@9sheng huo zhi liang@x调查报告@y中国@z当代 |
| 690 | @aC913.3@v5 | |
| 701 | 0 | @a李培林@9li pei lin@f(1955~)@4著 |
| 801 | 0 | @aCN@b百万庄@c20170617 |
| 905 | @b1013781-3@dC913.3@e1044@f3 | |
| 当代中国生活质量=The quality of life in contemporary China/李培林等著.-北京:社会科学文献出版社,2016 |
| 340页;24cm |
| 当代中国调查报告 四.-中国社会科学院创新工程学术出版资助项目 |
| ISBN 978-7-5097-9417-3:CNY89.00 |
| 本书共分为十四章,内容包括:消费分层和生活质量、就业质量及其影响因素、教育、社会流动和生活质量、城乡居民住房状况和住房不平等、中等收入者和橄榄型社会等。 |
| ● |
| 相关链接 |
|
|
|
|
正题名:当代中国生活质量
索取号:C913.3/1044
 
预约/预借
| 序号 | 登录号 | 条形码 | 馆藏地/架位号 | 状态 | 备注 |
| 1 | 1013781 | 210137813 | 第一样本阅览室/ [索取号:C913.3/1044] | 在馆 | |
| 2 | 1013782 | 210137822 | 第一借阅区/ [索取号:C913.3/1044] | 在馆 | |
| 3 | 1013783 | 210137831 | 教育系资料室/ [索取号:C913.3/1044] | 在馆 |